Gymnik jubiluje

Bibliographic Details
Format: Article
Language:Slovak
PhysicalDescription:Obr.
Subjects:

MARC

LEADER 00000nab a2200000 ar4500
001 vtls009473224
003 SK-MaSNL
005 20260303053415.0
008 090216c19740516xo |r|p|||||||000 b|slo
015 |a SNBRB1974 
038 |a SNKBUCL 
040 |a SNKBUCL  |b slo  |c SNKBUCL  |e AACR2 
041 |a slo 
044 |a xo  |c SK 
080 |a 793.31:784.4  |2 1997 
080 |a 784.4  |2 1997 
245 0 0 |a Gymnik jubiluje  |c [autor] -va- 
300 |b Obr. 
610 2 7 |a Gymnik (folklórny súbor)  |2 snkbucl  |9 33097 
773 0 |t Ľud  |g (16.5.1974), s. 5 
852 |a SNK  |b KIS3GCP 
958 |a SK 
999 |c 1719087  |d 1721017